Test na polaka - Statystyki

Ogólne statystyki
  • Ten quiz został rozwiązany 299 razy
    190 od ostatniego zresetowania
  • Średni wynik to 5 z 10
Statystyki odpowiedzi
Zagadnienie Odpowiedź % Poprawnych
CO POWINNO SIĘ JEŚĆ CODZIENNIE ROSÓŁ
95%
JAK WYGLĄDA FLAGA POLSKI BIAŁA CZERWONA
91%
ILE RAZY POWINNO SIE JEŚĆ RAZY KOTLETY PODCZAS TYGODNIA XD XD100000000000000000000000000000000000 RAZY
88%
CZY PODOBA CI SIE BYCIE POLAKIEM TAK XD
77%
ILE WAŻY PRZECIĘTNY POLAK TYLE ILE CHCE MU SIĘ XD
58%
CZY PODBAŁ CI SIE MÓJ QUIZ TAK
57%
ILE RAZY NAPISAŁEM XD NIE LICZĄC TEGO I W MOJEJ NAZWIE 9
20%
ILE POLSKA MA MIESZKAŃCÓW 1 LUDŹ
14%
XD JAK NAZYWA SIE PREZYDENT POLSKI OJCIEC MATEUSZ
13%
CO DAJEMY NA GRILLA ROSÓŁ
4%
Nie znaleziono quizów pasujących do podanych kryteriów
Rozkład punktacji
Procent ludzi z każdym wynikiem
Percentyl według liczby udzielonych odpowiedzi
Twoja historia wyników
Nie rozwiązałeś tego quizu od ostatniego zresetowania